Tate McRae - Paroles Revolving door - Statistiques

Statistiques générales
  • Ce quiz a été pris 196 fois
    195 depuis la dernière actualisation
  • Le résultat moyen est 345 sur 407
Statistiques - réponses
Hint Réponse % Correct
I
99%
(I
99%
Mm
99%
a
98%
a,
98%
a)
98%
(Ah)
98%
ah
98%
door
98%
revolvin'
98%
like
97%
Couplet 1 My
97%
my
97%
you
96%
you)
96%
(You,
96%
back
95%
to
95%
to)
95%
but
94%
Chorus But
94%
heart
94%
it
93%
it,
93%
more
93%
more,
93%
oh,
93%
oh
93%
Oh,
93%
(Oh
93%
(Oh)
93%
(Ooh)
93%
Ooh,
93%
an
92%
cold
92%
is
92%
call
89%
(call
89%
comin'
89%
Fuck
89%
fuck
89%
less,
89%
me
89%
me),
89%
Say
89%
So
89%
so
89%
try
89%
want
89%
want),
89%
when
89%
and
88%
Post-Chorus And
88%
be
88%
I'm
88%
of)
87%
that
87%
That
87%
minute
86%
minute,
86%
need
86%
need,
86%
Pre-Chorus Baby,
85%
bad
85%
Bridge Change
85%
in
85%
just
85%
mind
85%
then
85%
good,
84%
good
84%
keep
84%
finally
83%
habit
83%
no)
83%
much
82%
much,
82%
the
82%
on
81%
(Can't
80%
can't
80%
think
80%
confess,
79%
Off
79%
Supposed
79%
supposed
79%
not
78%
tried
77%
Tried
77%
(tried
77%
down
76%
from
75%
it's
74%
move
74%
find
73%
Life
73%
melting
72%
night
72%
adult,
71%
come,
71%
come
71%
stage,
71%
around
69%
might
69%
still
69%
work
69%
reminded
68%
out
67%
Boston
66%
'bout
65%
one
65%
up,
65%
would
65%
admit
63%
hurt
63%
Couplet 2 Shut
63%
exhaustin'
61%
helping,
61%
versatile
61%
than
60%
with
59%
feels
58%
worse,
57%
moved
56%
your
56%
denial
53%
gotta
52%
east
51%
Takes
51%
west
51%
couch?
50%
couldn't
48%
(Yeah)
48%
get
44%
(Get
44%
towns
44%
undoes
40%
dial
39%
gym
37%
wing
37%
how?
36%
How'd
31%
what
31%
enough
21%
make
21%
(Hey),
8%
(tred
2%
Aucun quiz correspondant
Distribution des résultats
% des personnes avec chaque résultat
Percentile par nombre de réponses
Votre historique - résultats
Vous n’avez pas pris ce quiz depuis la dernière actualisation